Geometry Dash - Most Downloaded Levels by Letter - N - Statistics

General Stats
  • This quiz has been taken 22 times
    5 since last reset
  • The average score is 10 of 20
Answer Stats
Publisher Difficulty Answer Downloads % Correct
Jax Easy Demon The {Nightmare} 140,200,000
100%
im fernando Medium Demon Nantendo 20,800,000
50%
TrueNature Medium Demon Natural Step 4,200,000
50%
IIINePtunEIII Insane Demon Necropolis 5,600,000
50%
Johannes652 Easy Never Be Alone 6,300,000
50%
MalZir Easy Never Be Alone 4,800,000
50%
ViPriN Insane Nexus 4,500,000
50%
DorSha Hard Nexus 4,200,000
50%
Danolex Easy Nice 5,600,000
50%
Zobros Hard Demon Nine Circles 92,600,000
50%
Aquare16 Harder Nine Circles 4,100,000
50%
Rustam Medium Demon Nine Circles XII 5,300,000
50%
ViPriN Insane Demon Nine CircleX 4,200,000
50%
alkali Insane nitrosphere 6,900,000
50%
NeonDusk Harder Nivel 9,000,000
50%
BrokenMusicBox Harder No1 3,600,000
50%
Sharkarie Harder Nock Em Down 4,700,000
50%
Serponge Medium Demon Noel Electra 5,200,000
50%
Player Auto no jump 5,100,000
50%
Pipenachho Harder Nocturna 5,800,000
0%
No matching quizzes found
Score Distribution
Percent of People with Each Score
Percentile by Number Answered
Your Score History
You have not taken this quiz since the last reset